La textualidad de Reinaldo Arenas : juegos de la escritura posmoderna /
সংরক্ষণ করুন:
| প্রধান লেখক: | |
|---|---|
| বিন্যাস: | অজ্ঞাত |
| ভাষা: | Spanish |
| প্রকাশিত: |
Madrid, España :
Playor,
1987.
|
| মালা: | (Nova Scholar)
|
| বিষয়গুলি: | |
| ট্যাগগুলো: |
ট্যাগ যুক্ত করুন
কোনো ট্যাগ নেই, প্রথমজন হিসাবে ট্যাগ করুন!
|
MARC
| LEADER | 000000000a22000000004500 | ||
|---|---|---|---|
| 001 | 004579 | ||
| 020 | |a 843590525X | ||
| 041 | 0 | |a spa | |
| 082 | 0 | 4 | |a Cu863.09 |b B422t |
| 100 | 1 | |a Béjar, Eduardo C., |d 1938- | |
| 245 | 1 | 3 | |a La textualidad de Reinaldo Arenas : |b juegos de la escritura posmoderna / |c Eduardo C. Béjar. |
| 260 | 1 | |a Madrid, España : |b Playor, |c 1987. | |
| 300 | |a 264 páginas | ||
| 490 | 1 | |a (Nova Scholar) | |
| 500 | |a Colección George Yúdice | ||
| 650 | 4 | |a ARENAS, REINALDO, 1943-1990 | |
| 650 | 4 | |a TECNICA | |
| 650 | 4 | |a POSMODERNISMO | |
| 650 | 4 | |a LITERATURA CUBANA | |
| 650 | 4 | |a NOVELA | |
| 650 | 4 | |a HISTORIA Y CRITICA | |
| 999 | |c 10712 |d 10712 | ||
| 942 | |c BK |h Cu863.09 B422t |2 z | ||



